00479nam a2200193 a 4500001001300000003000900013005001700022008004100039020001000080082001600090100002800106245001900134260003100153300000900184500003500193505001000228650001900238700002800257nice12345678IN_TiNIC20260116011416.0050524s1994 teha grp 000 0 per  ac10000a891.51bROO aRoodki, Muhammad Ashmus aDiwan-E-Roodki aTehranbNo Publisherc1994 a113p aincludes index and biblioraphy2 aIndex aPersian Poetry1 aRoodki, Muhammad Ashmus